[Event "Varazdin Spancir op 1st"]
[Site "Varazdin"]
[Date "2023.08.27"]
[Round "7"]
[White "Trpeza, Rifat"]
[Black "Colic, Tami"]
[Result "0-1"]
[WhiteElo "1579"]
[BlackElo "1700"]
[PlyCount "89"]
[EventDate "2023.08.24"]
[EventType "swiss"]
[EventRounds "7"]
[EventCountry "CRO"]
[SourceTitle "EXT 2024"]
[Source "ChessBase"]
[SourceDate "2023.10.10"]
[SourceVersion "1"]
[SourceVersionDate "2023.10.10"]
[SourceQuality "1"]

1. d4 Nf6 2. c4 e6 3. Bg5 Bb4+ 4. Nc3 d5 5. e3 h6 6. Bh4 g5 7. Bg3 Ne4 8. Qc2 c5 9. cxd5 exd5 10. Bb5+ Nc6 11. Nge2 Qa5 12. Bxc6+ bxc6 13. 0-0 Bf5 14. Qc1 Nxg3 15. Nxg3 Bd3 16. Rd1 c4 17. a3 Bxc3 18. bxc3 Rb8 19. Ra2 Rb3 20. e4 Qxc3 21. Qxc3 Rxc3 22. exd5 cxd5 23. Re1+ Kd7 24. f3 Re8 25. Rd1 Bg6 26. Ne2 Rb3 27. Kf2 c3 28. Raa1 Rc8 29. Nc1 Rb2+ 30. Kg3 c2 31. Re1 Rcb8 32. f4 gxf4+ 33. Kxf4 Rb1 34. Ra2 R8b2 35. Rxb2 Rxb2 36. Ke3 Rb1 37. Kd2 Ra1 38. a4 Rxa4 39. Nb3 Rb4 40. Kc3 Rc4+ 41. Kd2 Be4 42. g3 a5 43. Ra1 a4 44. Rxa4 c1Q+ 45. Nxc1 0-1

[Event "Varazdin Spancir op 1st"]
[Site "Varazdin"]
[Date "2023.08.26"]
[Round "5"]
[White "Friscic, Matej"]
[Black "Colic, Tami"]
[Result "1-0"]
[WhiteElo "1886"]
[BlackElo "1700"]
[PlyCount "141"]
[EventDate "2023.08.24"]
[EventType "swiss"]
[EventRounds "7"]
[EventCountry "CRO"]
[SourceTitle "EXT 2024"]
[Source "ChessBase"]
[SourceDate "2023.10.10"]
[SourceVersion "1"]
[SourceVersionDate "2023.10.10"]
[SourceQuality "1"]

1. d4 Nf6 2. c4 e6 3. Nc3 Bb4 4. Qc2 d5 5. cxd5 exd5 6. Bg5 c6 7. e3 h6 8. Bh4 Nbd7 9. Bd3 Qa5 10. Nge2 0-0 11. 0-0 Re8 12. a3 Bd6 13. Rae1 Qc7 14. Bg3 Nf8 15. Nb5 cxb5 16. Qxc7 Bxc7 17. Bxc7 Bd7 18. Nc3 a6 19. Be5 Bc6 20. Bxf6 gxf6 21. Rc1 Rac8 22. Rc2 Ng6 23. Bf5 Rcd8 24. Rfc1 Kg7 25. Na2 Ne7 26. Bg4 f5 27. Bf3 a5 28. b4 axb4 29. Nxb4 Rd6 30. Be2 Ra8 31. Rc3 Kg6 32. Rb1 Ra5 33. Rcb3 Nc8 34. Nc2 Na7 35. Bd3 Kf6 36. Rc3 Kg5 37. h4+ Kf6 38. Rbb3 Ke6 39. Rc5 Kf6 40. Nb4 Ke6 41. Be2 Nc8 42. Nxc6 bxc6 43. Bxb5 cxb5 44. Rxc8 Rda6 45. Rb8 Rxa3 46. Rxa3 Rxa3 47. Rxb5 Ra1+ 48. Kh2 Ra2 49. Kg3 Ra6 50. Kf4 Ra2 51. f3 Rxg2 52. Rb6+ Ke7 53. Rxh6 Rf2 54. Rh8 Kf6 55. h5 Kg7 56. Rd8 Rh2 57. Rxd5 Rxh5 58. Rxf5 Rh1 59. Ra5 Rh4+ 60. Kg3 Rh1 61. d5 Rd1 62. e4 Rd3 63. Kf4 Rc3 64. Ra6 Kf8 65. Kg4 Rc4 66. Kf5 Rc3 67. f4 Rh3 68. Ke5 Rf3 69. f5 Rd3 70. f6 Ke8 71. Kd6 1-0

[Event "Medjimurje Cup"]
[Site "Croatia "]
[Date "2020.02.23"]
[Round "3.1"]
[White "Colic, Tami"]
[Black "Ivancic, Dario"]
[Result "0-1"]
[WhiteElo "1728"]
[BlackElo "1712"]
[PlyCount "110"]
[EventDate "2020.02.09"]
[EventType "team-swiss"]
[EventRounds "6"]
[EventCountry "CRO"]
[SourceTitle "CBM 195 Extra"]
[Source "ChessBase"]
[SourceDate "2020.05.31"]
[SourceVersion "1"]
[SourceVersionDate "2020.05.31"]
[SourceQuality "1"]

1. e4 d6 2. Nf3 Nf6 3. Nc3 Nc6 4. d4 Bg4 5. Bb5 a6 6. Ba4 b5 7. Bb3 g6 8. h3 Bxf3 9. gxf3 e5 10. d5 Nd4 11. Be3 Bg7 12. Bxd4 exd4 13. Qxd4 Nh5 14. Qd2 Qf6 15. Qe3 Nf4 16. Kf1 0-0 17. h4 Nh5 18. Rb1 Qe7 19. Ne2 Rae8 20. Ng3 Qe5 21. Nxh5 Qxh5 22. c3 f5 23. Bd1 Bf6 24. f4 Qh6 25. Qg3 Rxe4 26. Bf3 Rxf4 27. h5 g5 28. Re1 Be5 29. Qg2 Kh8 30. Bd1 g4 31. Re3 Rg8 32. Ke1 b4 33. Be2 bxc3 34. bxc3 Ra4 35. Bd1 Rxa2 36. Rd3 Bxc3+ 37. Kf1 Rd2 38. Rxd2 Qxd2 39. Qg3 Qe1+ 40. Kg2 Qe4+ 41. Kg1 Be5 42. Qg2 Qxg2+ 43. Kxg2 a5 44. Re1 Ra8 45. Re3 a4 46. Ra3 c5 47. Kf1 Bb2 48. Ra2 a3 49. Ke2 f4 50. Kd3 g3 51. Ke2 g2 52. f3 g1Q 53. h6 Re8+ 54. Kd3 Qd4+ 55. Kc2 Qc3+ 0-1

[Event "Nedelisce Medjimurja op"]
[Site "Nedelisce"]
[Date "2018.06.25"]
[Round "6"]
[White "Srbis, Jurica"]
[Black "Colic, Tami"]
[Result "1-0"]
[WhiteElo "2416"]
[BlackElo "1679"]
[PlyCount "91"]
[EventDate "2018.06.22"]
[EventType "swiss"]
[EventRounds "7"]
[EventCountry "CRO"]
[SourceTitle "EXT 2019"]
[Source "ChessBase"]
[SourceDate "2018.10.10"]
[SourceVersion "1"]
[SourceVersionDate "2018.10.10"]
[SourceQuality "1"]

1. e4 c5 2. Nf3 g6 3. d4 cxd4 4. Qxd4 Nf6 5. Nc3 Nc6 6. Qa4 d6 7. e5 dxe5 8. Nxe5 Bd7 9. Nxd7 Qxd7 10. Be2 Bg7 11. Be3 0-0 12. 0-0 a6 13. Rad1 Qc7 14. Qb3 Rad8 15. Bb6 Qb8 16. Bxd8 Rxd8 17. Rxd8+ Nxd8 18. Rd1 Nc6 19. Qb6 Qc8 20. Bf3 Nd7 21. Qb3 Nde5 22. Bxc6 Nxc6 23. Qd5 e6 24. Qd7 Qb8 25. Qd6 Qc8 26. Na4 Be5 27. Nb6 Qe8 28. Qd7 Qxd7 29. Rxd7 Bxb2 30. Rxb7 Nd4 31. Na4 Ba3 32. c4 Kf8 33. Ra7 a5 34. Rxa5 Bb4 35. Ra8+ Ke7 36. Ra7+ Kf6 37. Rb7 Ba3 38. Nc3 Nc6 39. Nb5 Bf8 40. a4 Na5 41. Rc7 Nb3 42. Nc3 Ba3 43. c5 Ke5 44. c6 Nc5 45. Rxf7 Bb4 46. c7 1-0

[Event "Nedelisce Medjimurja op"]
[Site "Nedelisce"]
[Date "2018.06.23"]
[Round "2"]
[White "Forstnaric, Zdravko"]
[Black "Colic, Tami"]
[Result "1-0"]
[WhiteElo "1948"]
[BlackElo "1679"]
[PlyCount "106"]
[EventDate "2018.06.22"]
[EventType "swiss"]
[EventRounds "7"]
[EventCountry "CRO"]
[SourceTitle "EXT 2019"]
[Source "ChessBase"]
[SourceDate "2018.10.10"]
[SourceVersion "1"]
[SourceVersionDate "2018.10.10"]
[SourceQuality "1"]

1. d4 d5 2. h3 c6 3. Nf3 Nf6 4. Bf4 e6 5. Nbd2 Bd6 6. Be5 0-0 7. e3 Qe7 8. Bd3 Nbd7 9. c4 dxc4 10. Nxc4 Bb4+ 11. Ncd2 Nxe5 12. Nxe5 Nd7 13. Nxd7 Bxd7 14. 0-0 b5 15. Ne4 f5 16. Nd2 e5 17. dxe5 Bxd2 18. Qxd2 Qxe5 19. Qc2 c5 20. a4 bxa4 21. Rac1 Rab8 22. Rfd1 Rxb2 23. Qxc5 Qxc5 24. Rxc5 Be6 25. Re5 Bb3 26. Ra1 g6 27. Bb5 Rd8 28. Bxa4 Bxa4 29. Rxa4 Rb7 30. Rea5 Rdd7 31. g4 fxg4 32. hxg4 Rf7 33. Ra2 Kg7 34. Kg2 Rbe7 35. R2a3 h6 36. f4 Kh7 37. Kf3 Kg7 38. e4 Rc7 39. f5 h5 40. gxh5 gxh5 41. Kf4 Kg8 42. Rh3 Rh7 43. f6 Kf7 44. Kf5 Rh6 45. e5 h4 46. e6+ Ke8 47. Rb3 Rc8 48. Kg5 Rh7 49. Kg6 Rh8 50. Kg7 Rf8 51. Rb7 Rxf6 52. Kxf6 Kd8 53. Rh7 Rc4 1-0

[Event "Krapina op 6th"]
[Site "Krapina"]
[Date "2016.01.24"]
[Round "7"]
[White "Skupnjak, Milan"]
[Black "Colic, Tami"]
[Result "1/2-1/2"]
[WhiteElo "1949"]
[BlackElo "1685"]
[PlyCount "111"]
[EventDate "2016.01.21"]
[EventType "swiss"]
[EventRounds "7"]
[EventCountry "CRO"]
[SourceTitle "CBM 170 Extra"]
[Source "ChessBase"]
[SourceDate "2016.02.25"]
[SourceVersion "1"]
[SourceVersionDate "2016.02.25"]
[SourceQuality "1"]

1. d4 d5 2. c4 c6 3. e3 Nf6 4. Nc3 e6 5. a3 Be7 6. c5 Nbd7 7. Nf3 0-0 8. b4 h6 9. Bd3 Qc7 10. Bb2 e5 11. dxe5 Nxe5 12. Nd4 Nxd3+ 13. Qxd3 Re8 14. 0-0 Bd7 15. Nde2 Rad8 16. Ng3 Kh8 17. Nce2 Rg8 18. Nf5 Bxf5 19. Qxf5 Qd7 20. Ng3 Qxf5 21. Nxf5 Rd7 22. Nxe7 Rxe7 23. Bxf6 gxf6 24. Rfd1 f5 25. Rd4 Re4 26. Rad1 Rge8 27. g3 Kg7 28. Kg2 Kg6 29. Kf3 Kf6 30. h3 h5 31. h4 Ke5 32. R1d3 Rg8 33. Kg2 b6 34. cxb6 axb6 35. f3 Rxd4 36. exd4+ Kd6 37. Kf2 f6 38. Rc3 Rc8 39. Rc2 b5 40. Rc3 Kd7 41. Re3 Ra8 42. Kg1 Rg8 43. Kh2 Rg7 44. Re1 Rg8 45. Kh3 Kd6 46. Re2 Kd7 47. Re3 Kd6 48. f4 Kd7 49. Kg2 Re8 50. Rxe8 Kxe8 51. Kf3 Kd7 52. Ke3 Kc7 53. Kd3 Kb6 54. Kc3 Ka6 55. Kb3 Kb6 56. Kc3 1/2-1/2

[Event "Medimurska CupT"]
[Site "Croatia"]
[Date "2014.03.08"]
[Round "5.5"]
[White "Colic, Tami"]
[Black "Delija, Stjepan"]
[Result "1/2-1/2"]
[WhiteElo "1855"]
[BlackElo "1767"]
[PlyCount "124"]
[EventDate "2014.02.08"]
[EventType "team-swiss"]
[EventRounds "6"]
[EventCountry "CRO"]
[SourceTitle "EXT 2023"]
[Source "ChessBase"]
[SourceDate "2022.10.05"]
[SourceVersion "1"]
[SourceVersionDate "2022.10.05"]
[SourceQuality "1"]

1. e4 c5 2. Nf3 d6 3. c4 Bg4 4. Nc3 Nc6 5. Be2 Bh5 6. 0-0 Bg6 7. d3 a6 8. Be3 Qc7 9. Nd5 Qd8 10. Qb3 Rb8 11. Rad1 e6 12. Nf4 Nf6 13. Qa4 Qa5 14. Qxa5 Nxa5 15. Nxg6 hxg6 16. e5 Ng4 17. Bf4 Rd8 18. h3 Nxe5 19. Nxe5 dxe5 20. Bxe5 f6 21. Bc7 Nc6 22. Bxd8 Kxd8 23. Bf3 Kc7 24. Bxc6 Kxc6 25. d4 Rh4 26. d5+ exd5 27. cxd5+ Kd7 28. Rfe1 Bd6 29. Re2 Be5 30. Rd3 Rc4 31. g3 g5 32. b3 Rc1+ 33. Kg2 b5 34. Rde3 Kd6 35. f4 gxf4 36. gxf4 Bxf4 37. Re6+ Kxd5 38. Rxa6 c4 39. bxc4+ bxc4 40. Kf3 Be5 41. Rd2+ Kc5 42. a4 Rc3+ 43. Ke4 Rxh3 44. Rd5+ Kb4 45. Rb5+ Kc3 46. Rc6 Rh4+ 47. Kf3 Kd3 48. a5 c3 49. a6 Rf4+ 50. Kg2 Ra4 51. Rd5+ Ke3 52. Rd7 g5 53. Re7 Ra2+ 54. Kf1 c2 55. a7 Ra1+ 56. Kg2 Ra2 57. Kh3 Kf3 58. Rxc2 Ra1 59. Rc1 Ra4 60. Rf1+ Ke2 61. Rxf6 Rh4+ 62. Kg2 Rg4+ 1/2-1/2

[Event "Valpovo op (Women) 14th"]
[Site "Valpovo"]
[Date "2011.12.02"]
[Round "2"]
[White "Ivekovic, Ana"]
[Black "Colic, Tami"]
[Result "1-0"]
[WhiteElo "1987"]
[BlackElo "1724"]
[PlyCount "101"]
[EventDate "2011.12.02"]
[EventType "swiss (rapid)"]
[EventRounds "7"]
[EventCountry "CRO"]
[SourceTitle "EXT 2014"]
[Source "ChessBase"]
[SourceDate "2013.11.20"]
[SourceVersion "1"]
[SourceVersionDate "2013.11.20"]
[SourceQuality "1"]

1. e4 d5 2. exd5 Qxd5 3. Nc3 Qa5 4. d4 c6 5. Nf3 Nf6 6. Be2 Bg4 7. 0-0 Nbd7 8. Be3 e6 9. h3 Bh5 10. Qd2 Bb4 11. a3 Bxc3 12. Qxc3 Qxc3 13. bxc3 Ne4 14. c4 Nc3 15. Bd3 Bxf3 16. gxf3 Na4 17. Rab1 Nab6 18. c5 Nd5 19. Rxb7 N7f6 20. Rfb1 0-0 21. c4 Nxe3 22. fxe3 Rfd8 23. Kf2 g6 24. Rc7 Rdc8 25. Rxc8+ Rxc8 26. Rb7 a5 27. Bc2 a4 28. Bxa4 Ra8 29. Bxc6 Rxa3 30. Rb8+ Kg7 31. Bb5 Ra2+ 32. Ke1 Ng8 33. c6 Ra7 34. Rb7 Ra8 35. Rd7 Nf6 36. c7 Ne8 37. Re7 Nd6 38. Rd7 Ne8 39. c5 Kf6 40. Bc6 Rc8 41. Rd8 Rxc7 42. Bxe8 Ke7 43. Rb8 e5 44. c6 exd4 45. Rb7 Kd8 46. Rxc7 Kxc7 47. exd4 f5 48. d5 g5 49. Kd2 Kd8 50. Bd7 g4 51. hxg4 1-0